Smith’s inorganic chemistry

Bewaard in:
Bibliografische gegevens
Hoofdauteur: Kendall, James
Formaat: Boek
Taal:Undetermined
Gepubliceerd in: New York D. Appleton-Century Company 1937
Onderwerpen:
Tags: Voeg label toe
Geen labels, Wees de eerste die dit record labelt!
Thư viện lưu trữ: Trung tâm Học liệu Trường Đại học Cần Thơ
LEADER 00512nam a2200181Ia 4500
001 CTU_149708
008 210402s9999 xx 000 0 und d
082 |a 546 
082 |b K33 
100 |a Kendall, James 
245 0 |a Smith’s inorganic chemistry 
245 0 |c James Kendall 
260 |a New York 
260 |b D. Appleton-Century Company 
260 |c 1937 
650 |a Chemistry, Inorganic,Hóa học, vô cơ 
904 |i Trọng Hải 
980 |a Trung tâm Học liệu Trường Đại học Cần Thơ